000 00950nam a22002417a 4500
001 4307
003 FISKH
005 20250805102317.0
008 240717b cb ||||| |||| 00| 0 eng d
020 _a9780439879958
040 _aFISKH
_beng
_cFISKH
_dFISKH
050 _aPN6727.M678
082 _a741.5973
100 _aMorse, Scott
245 _aMagic pickle /
_cEdited by Sheila Keenan ; Book Design by Phil Falco ; Creative Director by David Saylor
260 _aNew York :
_bScholastic,
_c2008.
300 _a100 unnumbered pages :
_bcolor illustrations ;
_c23 cm
520 _aWhen Weapon Kosher, the Magic Pickle, erupts from her bedroom floor, young Jo Jo Wigman works with him to stop the Brotherhood of Evil Produce from taking over the world and tries to find a way to impress cute Danny Johnson.
650 _aGraphic Novel
_vFantasy
_xSuperheroes
700 _aKeenan, Sheila
_eEditor
942 _2ddc
_cBK
_n0
999 _c4307
_d4307